000 01290nam2a22002531 4500
001 RU\NLR\INFOCOMM18\1000238016
005 20250617035202.0
035 _a(NLR Aleph) 002427154
090 _a1959483
_c1959483
100 _a20050201d1984 |||y0rusy50 ca
101 0 _arus
102 _aRU
105 _ay |||||||||
200 1 _aОпыт работы по инженерному обеспечению повышения эффективности и качества работы предприятий
_fА.М. Шоломов и др.
210 _d1984
_aБ. м.
461 0 _1001RU\NLR\INFOCOMM18\1000237993
_12001#$aШелковая промышленность$eОбзор$fМ-во лег. пром. СССР. ЦНИИ информации и техн.-экон. исследований легкой пром-сти$v1984, Вып.4
_91959276
_cМ.
_d1976-
_fМ-во лег. пром. СССР. ЦНИИ информации и техн.-экон. исследований легкой пром-сти
_oОбзор
_tШелковая промышленность
_v1984, Вып.4
700 1 _aШоломов
_bА.М.
_4070
801 1 _aRU
_bInfoComm
_c20050201
801 0 _aRU
_bNLR
_gPSBO
852 _aNLR
_jП10/6129
942 _cISSUE
980 _aNB
980 _aRUSPER